LEADER 01067nam0-22003611i-450- 001 990003076490403321 005 20161102093359.0 010 $a0-939934-95-7 035 $a000307649 035 $aFED01000307649 035 $a(Aleph)000307649FED01 035 $a000307649 100 $a20030910d1987----km-y0itay50------ba 101 0 $aeng 200 1 $aExternal Debt, Savings, and Growth in Latin America$fedited by Ana Marìa Martirena-Mantel 210 $aWashington$cIMF$cBuenos Aires$cInstituto Torcuato di Tella$d1987 215 $aXV, 207 p.$d22 cm 676 $aF/1.21 676 $aF/3.2 676 $aO/2.223 676 $aO/2.224 702 1$aMartirena-Mantel,$bAna Marìa 712 02$aInstituto Torcuato di Tella 712 02$aInternational Monetary Fund 801 0$aIT$bUNINA$gRICA$2UNIMARC 901 $aBK 912 $a990003076490403321 952 $aISVE O5.128$fDECTS 952 $aF/1.21 EXT$b7423$fSES 959 $aSES 959 $aDECTS 996 $aExternal Debt, Savings, and Growth in Latin America$9460250 997 $aUNINA LEADER 01807nam 22005414a 450 001 9910454032803321 005 20200520144314.0 035 $a(CKB)1000000000522884 035 $a(SSID)ssj0000278805 035 $a(PQKBManifestationID)11223001 035 $a(PQKBTitleCode)TC0000278805 035 $a(PQKBWorkID)10259037 035 $a(PQKB)11075893 035 $a(MiAaPQ)EBC3306335 035 $a(Au-PeEL)EBL3306335 035 $a(CaPaEBR)ebr10111325 035 $a(OCoLC)697639459 035 $a(EXLCZ)991000000000522884 100 $a20021004d2002 uy 0 101 0 $aeng 135 $aurcn||||||||| 181 $ctxt 182 $cc 183 $acr 200 00$aDomino for iSeries sizing and performance tuning$b[electronic resource] /$fIBM, International Technical Support Organization 205 $a2nd ed. 210 $aRochester, Minn. $cIBM Corp., International Technical Support Organization$dc2002 215 $axx, 502 p. $cill 225 1 $aIBM redbooks 300 $a"SG24-5162-01." 311 $a0-7384-2251-7 320 $aIncludes bibliographical references (p. 477-480) and index. 410 0$aIBM redbooks. 606 $aComputer capacity$xPlanning 606 $aParallel processing (Electronic computers) 606 $aIBM computers$xProgramming 608 $aElectronic books. 615 0$aComputer capacity$xPlanning. 615 0$aParallel processing (Electronic computers) 615 0$aIBM computers$xProgramming. 712 02$aInternational Business Machines Corporation.$bInternational Technical Support Organization. 801 0$bMiAaPQ 801 1$bMiAaPQ 801 2$bMiAaPQ 906 $aBOOK 912 $a9910454032803321 996 $aDomino for iSeries sizing and performance tuning$92061271 997 $aUNINA